| 000 | 00592nam a2200181 a 4500 | ||
|---|---|---|---|
| 001 | 000038479 | ||
| 005 | 20201002031256.0 | ||
| 008 | 130412s2011 dr ac 000 0 spa d | ||
| 020 | _a9789945454260 | ||
| 040 |
_aDO-SdBNP _bspa _cBNPHU |
||
| 100 | 1 |
_aReynoso, Fernándo _926161 |
|
| 245 | 1 | 0 |
_aJuan Payán : _bde diez centavos al éxito / _cFernándo Reynoso. |
| 250 | _a2a ed. | ||
| 260 |
_aSanto Domingo : _b[s.l.], _c2011. |
||
| 300 |
_a157 p. : _bils., retrs. |
||
| 500 | _aIncluye datos biográficos del autor en la solapa de la cubierta | ||
| 500 | _aIncluye notas al pie de las páginas | ||
| 999 |
_c37969 _d37969 |
||